00547nam a2200193Ia 450000500170000000800410001702000130005804000180007104100080008908200210009710000210011824500430013925000120018226000520019430000300024665000280027665000260030465000230033020251201155620.0210716s1997 xx 000 0 und d a70428077 cAIMIT LIBRARY aeng a006.31 21bMITT aMitchell, Tom M. aMachine learning /cBy Tom M Mitchell. a1st ed. aNew Delhi :bMc Graw Hill Book Company ,c1997. axvii,414p. ;bPBc23.1 cm aDecision tree learning aEvaluating hypotheses aGenetic algorithms